Statistics for Big Brother 17 Houseguests (US)

Click here to take the quiz!

General Stats

  • This quiz has been taken 121 times
  • The average score is 14 of 17

Answer Stats

HintHouseguests% Correct
James
95%
Steve
94%
Austin
90%
Liz
90%
Meg
89%
John
87%
Julia
87%
Da'Vonne
82%
Vanessa
82%
Jace
81%
Clay
79%
Shelli
79%
Audrey
76%
Jackie
76%
Jason
74%
Becky
73%
Jeff
73%

Score Distribution

Percentile by Number Answered

Percent of People with Each Score

Your Score History

You have not taken this quiz